000 00669nam a2200205Ia 4500
005 20220316140317.0
008 210716s2008 xx 000 0 und d
020 _a9780070528963
040 _cAIMIT LIBRARY
041 _aeng
082 _a658.848
_211
_bCATP
100 _aCateora, Philip R.
_923887
245 _aInternational marketing /
_cBy Philip R. Cateora and John L. Graham.
250 _a11th ed.
260 _aNew Delhi :
_bTata McGraw Hill Publishing Company Ltd ,
_c2008.
300 _aXxxii, 693p. ;
_c28 cm.
650 _aImplementing global marketing strategies
_923888
700 _aGraham, John L.
_923891
942 _2ddc
_cBK
_k658.848 CATP
_e11th
999 _c197965
_d197965